00678nam a2200205Ia 4500952013000000999001700130003000400147005001700151008004100168020001500209040000900224082001800233100003800251245005400289250001200343260004600355300000900401650002000410942004200430 00102ddc40708ISLAMaMESbMEScISLd2019-02-20g32.00l0o297.61 KAR/Up25090r2019-02-20 00:00:00w2019-02-20yBKzGL46R3 c22467d22467OSt20200206105145.0190216s9999||||xx |||||||||||||| ||und|| a8172041446 coclc a297.61bKAR/U a Karakunnu, Sheikh Mohammed91839 0aUmarubnu Abdil Azeez /cSheikh Mohammed Karakunnu a2nd ed. bIslamic Publishing House,c1993.aFeroke: a216p aIslamic History cBK2ddch297.61iKAR/Uk297.61mKAR/U